Автоматизированная двухканальная установка для измерения параметров резьбы ниппелей насосно-компрессорныхтруб; Дефектоскопия; № 9

Xehetasun bibliografikoak
Parent link:Дефектоскопия.— , 1965-
№ 9.— 2003.— С. 84-87
Beste egile batzuk: Колючкин В. Я., Хорохоров А. М., Ширанков А. Ф., Фролов М. Е., Надымов Н. П., Рогов А. Б.
Hizkuntza:errusiera
Argitaratua: 2003
Saila:Оптические методы
Gaiak:
Formatua: Liburu kapitulua
KOHA link:https://koha.lib.tpu.ru/cgi-bin/koha/opac-detail.pl?biblionumber=428455

MARC

LEADER 00000naa2a2200000 4500
001 428455
005 20231101074831.0
035 |a (RuTPU)RU\TPU\prd\87997 
035 |a RU\TPU\prd\20183 
090 |a 428455 
100 |a 20101013a2003 k y0rusy50 ca 
101 0 |a rus 
102 |a RU 
200 1 |a Автоматизированная двухканальная установка для измерения параметров резьбы ниппелей насосно-компрессорныхтруб  |f В. Я. Колючкин [и др.] 
225 1 |a Оптические методы 
320 |a Библиогр.: 3 назв. 
461 1 |0 (RuTPU)RU\TPU\prd\151  |t Дефектоскопия  |d 1965- 
463 1 |0 (RuTPU)RU\TPU\prd\87986  |t № 9  |v С. 84-87  |d 2003 
610 1 |a насосно-компрессорные трубы 
610 1 |a автоматизация 
610 1 |a установки 
610 1 |a ниппели 
610 1 |a резьба 
610 1 |a параметры 
610 1 |a применение 
610 1 |a измерение 
675 |a 681.786.24  |v 3 
701 1 |a Колючкин  |b В. Я. 
701 1 |a Хорохоров  |b А. М. 
701 1 |a Ширанков  |b А. Ф. 
701 1 |a Фролов  |b М. Е. 
701 1 |a Надымов  |b Н. П. 
701 1 |a Рогов  |b А. Б. 
801 1 |a RU  |b 63413507  |c 20031202  |g PSBO 
801 2 |a RU  |b 63413507  |c 20131017  |g RCR 
942 |c BK